000 00519nam a2200193Ia 4500
003 OSt
005 20260128122738.0
008 250729s2005 xx 000 0 und d
040 _cAL
041 _akan
082 _a494.55 NARS
100 _aನಾರಾಯಣರಾವ್ ಕೃ
_9228076
245 _aಸುಲಭ ಕನ್ನಡ ವ್ಯಾಕರಣ
260 _aಬೆಂಗಳೂರು
_c2005
300 _a183p
650 _aKannada
_9228077
700 _aನಾo Digumurthi
_9228078
942 _2ddc
_cBED
999 _c237873
_d237873